000 01485nam a2200385 c 4500
003 BLK
005 20241130134729.0
008 180409b bul|||||r ||||||| ||bul||
010 _aKNG00148542000
020 _a978-954-655-414-7
_bиздат.: Бард
040 _aBLK
041 _aBUL
_cBUL
072 7 _2bullib
_aН8301
_xТрилъри Н
080 _aАмериканска литература (на САЩ)
_b821.111(73)
_x-312.4
_z821.111(73)-312.4
100 1 _aХокс, Джон Туелв
_eпърви автор
_9137303
700 1 _aБожилов, Венцислав
_eпрев.
_9366151
139 _aХокс, Джон Туелв
_bХ 59
245 1 0 _aЗлатният град
_bРоман
_cДжон Туелв Хокс; прев. Венцислав Божилов.
257 _aUSA
260 София
_bБард
_c2008
_fХасково : Полиграфюг
300 _a352 с.
_c20 см
380 _aX
490 1 _aКралете на трилъра
490 1 _3Подсерия
_aЧетвъртият свят
_vКн. 3
500 _aОриг. загл. The Golden City / JohnTwelwe Hawks. - Доп. тир. 2013.
653 _aтрилъри
653 _aромани
659 _aН
852 _aЦб 264059
856 4 _qpdf
_u
856 4 _qpdf
_u
942 _cKNG
_n0
_022
944 _aCR
_c06.08.2013
_lИвелин Русев
_k30563
944 _aED
_c20.12.2017
_lф /
_kЛюдмила_Стоянова
999 _c142449
_d142449